000 00574nam a22001937a 4500
005 20251108171730.0
008 250721s1987 xx 000 0 ara d
082 1 4 _a371.33/حسي
100 1 _aالطوبجي، حسين حمدي
245 1 0 _aوسائل الإتصال و التكنولوجيا في التعليم /
250 _aط8
264 1 _aالكويت :
_bدار القلم،
_c1987.
300 _a326ص
650 1 7 _aالتدريس
650 1 7 _aوسائل التدريس
650 1 7 _aأساليب التدريس
942 _2ddc
_cBK
999 _c61089
_d61089